000 00341nam a2200133Ia 4500
005 20260328101516.0
008 260328s9999||||xx |||||||||||||| ||und||
100 _aWoods Kennedy, Robert
245 4 _aThe House and the Art of Its Design /
_cRobert Woods Kennedy
260 _bReinhold
300 _a503 p.
650 _aVIVIENDA
942 _cBK
999 _c9388
_d9388